000
00295nam a2200121Ia 4500
008
230724s1974 xx und d
041
_a
eng
082
_a
711.409
100
_a
BACON E.N
245
_a
DESIGN OF CITIES REVISED ED.
260
_b
PENGUIN BOOKS LTD ENGLAND
_c
1974
300
_a
336
999
_c
1174843
_d
1174843